[Event "Ruhrgebiet VL2 Team Ch 9596"]
[Site "GER"]
[Date "1995.??.??"]
[Round "?"]
[White "Woller, Rainer"]
[Black "Hille, Ingo"]
[Result "1/2-1/2"]
[WhiteElo "2230"]
[BlackElo "2265"]
[PlyCount "80"]
[EventDate "1995.??.??"]
[Source "www.chesslib.no"]
[SourceDate "2004.05.04"]

1. d4 d5 2. e3 Nf6 3. Bd3 g6 4. Nd2 Bg7 5. f4 b6 6. Ngf3 O-O 7. Ne5 Bb7 8. Qf3 c5 9. b3 Nc6 10. Bb2 Nb4 11. O-O Nxd3 12. cxd3 Rc8 13. Rac1 cxd4 14. Bxd4 Qd6 15. Qd1 Qa3 16. Ra1 Rc7 17. Nb1 Qd6 18. Nc3 Ba6 19. Qd2 Nd7 20. Nf3 f6 21. Ne2 e5 22. Bb2 Rfc8 23. Rac1 Rxc1 24. Rxc1 Rxc1+ 25. Nxc1 Qc5 26. g3 Qc6 27. Kf2 Bb7 28. Qc3 d4 29. Qxc6 dxe3+ 30. Kxe3 exf4+ 31. gxf4 Bxc6 32. Nd4 Bd5 33. Nce2 a6 34. Nc3 Bb7 35. Ne4 Bf8 36. Ne6 Be7 37. Nd4 Kf7 38. Bc3 Nc5 39. Nxc5 Bxc5 40. b4 Bd6 1/2-1/2

[Event "Poio Open 2nd"]
[Site "?"]
[Date "2002.09.04"]
[Round "5.4"]
[White "Piankov Evgenij"]
[Black "Leite Catarina"]
[Result "1/2-1/2"]
[WhiteElo "2341"]
[BlackElo "2151"]
[PlyCount "154"]
[EventDate "2002.??.??"]
[Source "www.chesslib.no"]
[SourceDate "2004.05.04"]

1. d4 d5 2. e3 Nf6 3. Bd3 Nbd7 4. f4 c5 5. c3 b6 6. Nf3 Ne4 7. O-O g6 8. b3 Bg7 9. Bb2 O-O 10. Nbd2 Ndf6 11. Ne5 Bf5 12. Ndf3 Nd6 13. Rc1 Bxd3 14. Qxd3 Rc8 15. c4 dxc4 16. bxc4 cxd4 17. exd4 Nf5 18. d5 b5 19. cxb5 Qxd5 20. Qxd5 Nxd5 21. g3 Nd6 22. a4 Ne4 23. Bd4 Nec3 24. Kh1 Rc7 25. Ra1 Nb4 26. Ra3 Rfc8 27. b6 axb6 28. Bxb6 Rb7 29. a5 Ncd5 30. Rb3 e6 31. Rfb1 Bf8 32. Bf2 Rbc7 33. Nd3 Nxd3 34. Rxd3 Ra8 35. Be1 Bc5 36. Rdb3 Rca7 37. Ne5 Rc8 38. Rb7 Rc7 39. Rxc7 Rxc7 40. Rc1 Be3 41. Rxc7 Nxc7 42. Bb4 f6 43. Nd7 Kf7 44. Kg2 Bd4 45. Kf3 Na6 46. Bd2 Ke7 47. Nb6 Bxb6 48. axb6 Kd6 49. Bc3 f5 50. Ke3 Kc5 51. b7 Kc6 52. Kd4 Kxb7 53. Ke5 Kc6 54. Kxe6 Nc5+ 55. Kf7 Kd5 56. h4 Ne4 57. Be1 Nd6+ 58. Kf6 Ne8+ 59. Kf7 Nd6+ 60. Kg7 Ke6 61. Kxh7 Kf7 62. Kh6 Kf6 63. Bc3+ Kf7 64. h5 gxh5 65. Kxh5 Ne4 66. Be1 Kf6 67. Kh4 Kg6 68. g4 fxg4 69. Kxg4 Nd6 70. Bh4 Nf5 71. Bg5 Nd4 72. Bd8 Nf5 73. Kf3 Nd4+ 74. Ke4 Nf5 75. Ke5 Ng7 76. Be7 Nf5 77. Bf8 Ng3 1/2-1/2

[Event "CUB-ch (Women)"]
[Site "?"]
[Date "2002.??.??"]
[Round "4"]
[White "Frometa Zirka"]
[Black "Fleitas Yuleikis"]
[Result "1-0"]
[WhiteElo "2247"]
[BlackElo "2243"]
[PlyCount "109"]
[EventDate "2002.??.??"]
[Source "www.chesslib.no"]
[SourceDate "2004.05.04"]

1. d4 d5 2. e3 Nf6 3. Bd3 e6 4. f4 Be7 5. Nd2 c5 6. c3 O-O 7. Ngf3 b6 8. Qe2 Bb7 9. Ng5 Qc8 10. dxc5 bxc5 11. b3 h6 12. Ngf3 Ne4 13. Bb2 Bf6 14. Rc1 Qd8 15. a3 a5 16. Bb5 Nd6 17. Bd3 Ne4 18. a4 Qb6 19. Ba1 Bc6 20. O-O Nd7 21. Bb1 Qb7 22. Nxe4 dxe4 23. Nd2 Bd5 24. Bc2 Rab8 25. Qh5 Qb6 26. c4 Bxa1 27. cxd5 Nf6 28. Qe2 Bb2 29. Rb1 Ba3 30. Nc4 Qa6 31. dxe6 fxe6 32. Rfd1 Bb4 33. Rd6 Qc8 34. Rbd1 Qe8 35. Ne5 Nd5 36. Bxe4 Nf6 37. Bg6 Qc8 38. Qc4 Nd5 39. Qd3 Nf6 40. Rc6 Qb7 41. Qd6 Rbe8 42. Bxe8 Rxe8 43. Qc7 Qxc7 44. Rxc7 Nd5 45. Rb7 Bc3 46. Nc4 Kh7 47. g3 Kg6 48. Rd3 Bb4 49. Kf2 Kf6 50. e4 Ne7 51. Rdd7 Nc6 52. Rf7+ Kg6 53. Rxg7+ Kh5 54. Kg2 Bc3 55. Kh3 1-0

[Event "Nord Staffel Nord"]
[Site "?"]
[Date "1997.??.??"]
[Round "?"]
[White "Ritscher Jan Paul"]
[Black "Nogly Christoph"]
[Result "0-1"]
[WhiteElo "2270"]
[BlackElo "2220"]
[PlyCount "106"]
[EventDate "1997.??.??"]
[Source "www.chesslib.no"]
[SourceDate "2004.05.04"]

1. d4 d5 2. e3 Nf6 3. Bd3 c5 4. c3 Nc6 5. f4 Bg4 6. Nf3 e6 7. O-O Qc7 8. Qe1 Bf5 9. Qe2 Bd6 10. Ne5 O-O 11. Nd2 Rad8 12. g4 Bxd3 13. Nxd3 Ne4 14. Nxe4 dxe4 15. Nf2 cxd4 16. cxd4 f5 17. Qc4 Qf7 18. Bd2 Ne7 19. gxf5 exf5 20. Qxf7+ Kxf7 21. Rfc1 Rc8 22. Nd1 Nd5 23. Nc3 Ke6 24. Nxd5 Kxd5 25. Kf2 h6 26. h4 g6 27. Rg1 Rc2 28. Ke1 Rg8 29. Rb1 Rcc8 30. Rc1 Rxc1+ 31. Bxc1 Be7 32. Rh1 Rc8 33. Kd1 a5 34. Bd2 a4 35. Rh2 b5 36. Be1 Rc6 37. Rc2 Rxc2 38. Kxc2 g5 39. hxg5 hxg5 40. fxg5 Bxg5 41. Bd2 Kc4 42. b3+ axb3+ 43. axb3+ Kd5 44. Kc3 Be7 45. Kc2 Bd6 46. Kc3 f4 47. exf4 b4+ 48. Kc2 Kxd4 49. Be1 Ke3 50. f5 Ke2 51. Bh4 Bf8 52. f6 e3 53. f7 Kf1 0-1

[Event "Capablanca mem Masters II"]
[Site "?"]
[Date "1998.05.09"]
[Round "3"]
[White "Montalvo Alejandro"]
[Black "Fandino Roquelina"]
[Result "1-0"]
[WhiteElo "2255"]
[BlackElo "2230"]
[PlyCount "67"]
[EventDate "1998.??.??"]
[Source "www.chesslib.no"]
[SourceDate "2004.05.04"]

1. d4 d5 2. e3 Nf6 3. Bd3 c6 4. f4 b6 5. Nf3 e6 6. O-O Be7 7. Nbd2 O-O 8. Ne5 Qc7 9. Rf3 Ba6 10. g4 Bxd3 11. cxd3 Nfd7 12. g5 f5 13. gxf6 Nxf6 14. Rh3 c5 15. Ndf3 Nfd7 16. Bd2 Nc6 17. Qe2 Rac8 18. Kh1 cxd4 19. exd4 Ndxe5 20. dxe5 Rf5 21. Rg1 Bc5 22. Be3 Bxe3 23. Qxe3 d4 24. Qe4 Qd7 25. Rhg3 g6 26. Nh4 Rf7 27. Nxg6 Rg7 28. Ne7+ Nxe7 29. Rxg7+ Kf8 30. Rxh7 Qd5 31. Qxd5 exd5 32. Rh8+ Kf7 33. Rxc8 Nxc8 34. Rc1 1-0

[Event "Pan American Ch U18"]
[Site "?"]
[Date "1998.??.??"]
[Round "?"]
[White "Moreda Lucas"]
[Black "Blanco Cristobal J"]
[Result "0-1"]
[WhiteElo "2305"]
[BlackElo "2180"]
[PlyCount "70"]
[EventDate "1998.??.??"]
[Source "www.chesslib.no"]
[SourceDate "2004.05.04"]

1. d4 d5 2. e3 Nf6 3. Bd3 e6 4. f4 Be7 5. Nd2 b6 6. Qe2 O-O 7. Ngf3 a5 8. Ne5 c5 9. c3 Ba6 10. Bxa6 Nxa6 11. O-O Nc7 12. a4 Nce8 13. g4 Nd6 14. g5 Nfe4 15. Qh5 g6 16. Qg4 Nxd2 17. Bxd2 Nf5 18. Qg2 f6 19. gxf6 Bxf6 20. Nd3 c4 21. Nf2 Bh4 22. Ng4 Nd6 23. Rf3 Ra7 24. Kh1 Rg7 25. Rh3 h5 26. Ne5 g5 27. Be1 Bxe1 28. Rxe1 gxf4 29. Qf3 Ne4 30. exf4 Ng5 31. Qxh5 Nxh3 32. Qxh3 Rxf4 33. Qxe6+ Kh7 34. Ra1 Qg5 35. Qxd5 Rg4 0-1

[Event "Corr"]
[Site "?"]
[Date "1998.??.??"]
[Round "?"]
[White "Belanoff Stuart B"]
[Black "Daurelle Herve"]
[Result "1/2-1/2"]
[WhiteElo "2173"]
[BlackElo "2311"]
[PlyCount "87"]
[EventDate "1998.??.??"]
[Source "www.chesslib.no"]
[SourceDate "2004.05.04"]

1. d4 d5 2. e3 Nf6 3. Bd3 c5 4. c3 Nc6 5. Nf3 Bg4 6. Nbd2 e5 7. dxe5 Nxe5 8. Bb5+ Ned7 9. h3 Bf5 10. g4 Be6 11. Ng5 a6 12. Nxe6 fxe6 13. Ba4 Bd6 14. g5 Ng8 15. Qh5+ g6 16. Qg4 Qe7 17. c4 O-O-O 18. cxd5 exd5 19. Bb3 c4 20. Bc2 Rf8 21. Qd4 Qe5 22. Qxe5 Nxe5 23. f4 Nc6 24. Nf3 Re8 25. O-O Bc5 26. f5 gxf5 27. Bxf5+ Kc7 28. Rd1 Nge7 29. Bg4 h5 30. gxh6 Rxh6 31. Kg2 Rf6 32. b3 cxb3 33. axb3 Nf5 34. Rxd5 Nxe3+ 35. Bxe3 Bxe3 36. Rd7+ Kb8 37. Re1 Nb4 38. Re2 Rff8 39. Nd4 Bxd4 40. Rxd4 Nc6 41. Rxe8+ Rxe8 42. Rd3 Kc7 43. Rc3 Rg8 44. Kf2 1/2-1/2

[Event "XI Festival"]
[Site "Voronezh RUS"]
[Date "2007.06.20"]
[Round "8"]
[White "Dzhagarov, R."]
[Black "Airapetian, G."]
[Result "1-0"]
[WhiteElo "2146"]
[BlackElo "2336"]
[PlyCount "87"]
[EventDate "2007.06.12"]
[Source "www.chesslib.no"]
[SourceDate "2004.05.04"]

1. d4 d5 2. e3 Nf6 3. Bd3 c5 4. b3 Nc6 5. Bb2 Bg4 6. f3 Bh5 7. Ne2 e6 8. Nf4 Bg6 9. O-O Qc7 10. c3 Bd6 11. g3 a6 12. Qe2 e5 13. dxe5 Nxe5 14. Bxg6 Nxg6 15. c4 dxc4 16. bxc4 Be7 17. Nxg6 hxg6 18. Nc3 O-O 19. e4 Bd6 20. f4 Rfe8 21. Qf3 Bf8 22. e5 Nd7 23. Nd5 Qc6 24. Bc3 Rec8 25. a4 b6 26. h4 Rab8 27. Qe4 Qe6 28. Rab1 Rd8 29. Qf3 Qf5 30. Rb2 b5 31. axb5 axb5 32. g4 Qe6 33. f5 gxf5 34. gxf5 Qh6 35. cxb5 c4 36. Qf4 Bc5+ 37. Kh1 Qh5 38. e6 fxe6 39. Rg2 e5 40. Bxe5 Rxb5 41. Rxg7+ Kf8 42. Qg3 Qh6 43. Rg8+ Kf7 44. Rxd8 1-0

[Event "It (open)"]
[Site "Senta (Serbia)"]
[Date "2007.07.23"]
[Round "5"]
[White "Tasic Zoran (SCG)"]
[Black "Arbutina Sinisa (SCG)"]
[Result "0-1"]
[WhiteElo "2157"]
[BlackElo "2320"]
[PlyCount "90"]
[EventDate "2007.??.??"]
[Source "www.chesslib.no"]
[SourceDate "2004.05.04"]

1. d4 d5 2. e3 Nf6 3. Bd3 Bg4 4. Ne2 e6 5. c4 c6 6. Qb3 Qc7 7. Nbc3 Nbd7 8. Bd2 Qb6 9. f3 Bh5 10. c5 Qc7 11. Nf4 Bg6 12. Be2 e5 13. Nd3 e4 14. Nf4 Bf5 15. O-O Be7 16. fxe4 Bxe4 17. Be1 O-O 18. Bg3 Qc8 19. Qd1 Re8 20. b4 Bd8 21. Qe1 Nf8 22. Nh5 Bg6 23. Nxf6+ Bxf6 24. Rxf6 gxf6 25. Qf2 Qe6 26. Bf4 Be4 27. Rf1 Ng6 28. Bh6 f5 29. h4 Ne7 30. Qf4 Kh8 31. Nxe4 dxe4 32. Bc4 Nd5 33. Bxd5 cxd5 34. Bg5 f6 35. Bh6 Rad8 36. Qxf5 Qxf5 37. Rxf5 Re6 38. Kf2 Kg8 39. g4 Ra6 40. Kg3 Kf7 41. h5 Rxa2 42. b5 Re2 43. Bg5 Kg8 44. Rxf6 Rf8 45. Rd6 Rf3+ 0-1

[Event "Jogos Centroamericanos 7th"]
[Site "?"]
[Date "2001.??.??"]
[Round "2"]
[White "Reyes Najera Carlos Antonio"]
[Black "Romero Ariel"]
[Result "1/2-1/2"]
[WhiteElo "2245"]
[BlackElo "2232"]
[PlyCount "69"]
[EventDate "2001.??.??"]
[Source "www.chesslib.no"]
[SourceDate "2004.05.04"]

1. d4 d5 2. e3 Nf6 3. Bd3 e6 4. Nd2 c5 5. c3 Nc6 6. f4 cxd4 7. exd4 Bd6 8. Qf3 Qc7 9. Nh3 Rb8 10. O-O b5 11. a3 a5 12. g4 Ne7 13. g5 Nd7 14. Qe2 b4 15. axb4 axb4 16. cxb4 Rxb4 17. Nf3 g6 18. Be3 O-O 19. Rac1 Qb6 20. Rc2 Nf5 21. Rfc1 Bb7 22. Nf2 Rd8 23. Ng4 Bf8 24. Bxf5 exf5 25. Nge5 Ba6 26. Qf2 Bb5 27. h4 Ba4 28. Rd2 Rb8 29. Ra1 Rb7 30. Nd3 Rc4 31. Nfe5 Nxe5 32. Nxe5 Rb4 33. Nd3 Rc4 34. Ne5 Rb4 35. Nd3 1/2-1/2

[Event "It (Open) Obrenovac SCG"]
[Site "?"]
[Date "2005.11.28"]
[Round "7"]
[White "Jovicic Radosav"]
[Black "Bantic Mihail"]
[Result "0-1"]
[WhiteElo "2289"]
[BlackElo "2185"]
[PlyCount "132"]
[EventDate "2005.??.??"]
[Source "www.chesslib.no"]
[SourceDate "2004.05.04"]

1. d4 d5 2. e3 Nf6 3. Bd3 g6 4. c4 c6 5. Nc3 Bg7 6. Qb3 O-O 7. Bd2 dxc4 8. Bxc4 b5 9. Be2 a5 10. Nf3 Nbd7 11. O-O Nb6 12. Ne5 b4 13. Na4 Nxa4 14. Qxa4 c5 15. Rfd1 Ne4 16. Be1 Qc7 17. f4 cxd4 18. Rac1 Qb6 19. exd4 Bxe5 20. fxe5 Rd8 21. Qc6 Qxc6 22. Rxc6 Be6 23. Rxe6 fxe6 24. Bf3 Ng5 25. Bxa8 Rxa8 26. Bh4 Nf7 27. Bxe7 Rc8 28. Rd2 Nh6 29. Bc5 Nf5 30. Rd3 h5 31. g3 g5 32. Kf2 g4 33. Ke2 a4 34. Rd2 Rb8 35. Kd3 b3 36. a3 Kf7 37. Re2 Kg6 38. Kc4 Rd8 39. Re4 Kg5 40. Kb5 Ra8 41. d5 exd5 42. Rxa4 Re8 43. Bd4 h4 44. gxh4+ Kxh4 45. Bc3 Kh3 46. Rf4 d4 47. Bxd4 Nxd4+ 48. Rxd4 Rxe5+ 49. Kb4 Re2 50. Kxb3 Rxh2 51. a4 g3 52. Rd8 g2 53. Rg8 Rh1 54. a5 g1=Q 55. Rxg1 Rxg1 56. Kb4 Kg4 57. Kb5 Kf5 58. b4 Ke6 59. Kc6 Rc1+ 60. Kb6 Kd7 61. b5 Kc8 62. Ka7 Rc5 63. Kb6 Rc7 64. a6 Kb8 65. Ka5 Rc1 66. b6 Rb1 0-1

[Event "Guingamp"]
[Site "?"]
[Date "2003.03.04"]
[Round "5"]
[White "Piankov Evgenij"]
[Black "Bodenez Vincent"]
[Result "1-0"]
[WhiteElo "2370"]
[BlackElo "2103"]
[PlyCount "115"]
[EventDate "2003.??.??"]
[Source "www.chesslib.no"]
[SourceDate "2004.05.04"]

1. d4 d5 2. e3 Nf6 3. Bd3 c6 4. c3 Bg4 5. f3 Bh5 6. Ne2 Nbd7 7. Ng3 Bg6 8. f4 Be4 9. Bxe4 Nxe4 10. Nxe4 dxe4 11. Nd2 f5 12. Qb3 Qc8 13. Nc4 b6 14. Bd2 e6 15. O-O Be7 16. Be1 Kf7 17. Bh4 b5 18. Bxe7 bxc4 19. Qa3 Nb6 20. Bc5 Qd7 21. Qa6 Rhb8 22. Rf2 Qd5 23. Rb1 Nd7 24. Ba3 Qb5 25. Qxb5 cxb5 26. b3 Nb6 27. Rc2 Rb7 28. Kf2 Rc8 29. Bb4 a6 30. Ke2 h6 31. Kd2 g6 32. Rcb2 Ke8 33. Bc5 Nd7 34. Bd6 Rc6 35. Bb4 Nb6 36. Bc5 Nd7 37. b4 Nb6 38. Bxb6 Rcxb6 39. a4 Kd7 40. Ra2 Kc7 41. axb5 axb5 42. Rba1 Rb8 43. Ke2 R8b7 44. Kf2 Rb8 45. h3 Kc6 46. g4 Kc7 47. Kg3 Kc6 48. h4 Kc7 49. Kh3 Kc6 50. Rg1 Rg8 51. Ra7 Rb7 52. Ra6+ Rb6 53. d5+ exd5 54. Rxb6+ Kxb6 55. gxf5 d4 56. exd4 e3 57. fxg6 e2 58. f5 1-0

[Event "Dagomys (Russia)"]
[Site "?"]
[Date "2004.04.??"]
[Round "2"]
[White "Mingachev Mansur"]
[Black "Rozhkov Vecheslav"]
[Result "1-0"]
[WhiteElo "2291"]
[BlackElo "2175"]
[PlyCount "59"]
[EventDate "2004.??.??"]
[Source "www.chesslib.no"]
[SourceDate "2004.05.04"]

1. d4 d5 2. e3 Nf6 3. Bd3 c5 4. c3 Nc6 5. f4 Bg4 6. Nf3 e6 7. O-O Ne4 8. Bd2 Be7 9. Be1 f5 10. Nbd2 O-O 11. h3 Bh5 12. Be2 a6 13. Ne5 Nxe5 14. Bxh5 Nxd2 15. Bxd2 Nc4 16. b3 Nxd2 17. Qxd2 b5 18. Bf3 c4 19. b4 a5 20. a3 a4 21. g4 g6 22. Kh1 Ra7 23. Rg1 Kh8 24. Rg2 Bf6 25. Rag1 Rff7 26. h4 Rg7 27. h5 fxg4 28. Bxg4 Qg8 29. h6 Rge7 30. e4 1-0

[Event "1st Open"]
[Site "?"]
[Date "2003.07.21"]
[Round "1"]
[White "Tribuiani Renato"]
[Black "Zimina Olga"]
[Result "0-1"]
[WhiteElo "2097"]
[BlackElo "2367"]
[PlyCount "126"]
[EventDate "2003.??.??"]
[Source "www.chesslib.no"]
[SourceDate "2004.05.04"]

1. d4 d5 2. e3 Nf6 3. Bd3 Bg4 4. f3 Bh5 5. Nh3 e6 6. b3 c6 7. O-O Nbd7 8. Bb2 Bd6 9. g4 Bg6 10. f4 Qc7 11. Nf2 Bxd3 12. cxd3 O-O-O 13. Nc3 g5 14. Nb5 Qb8 15. Nxd6+ Qxd6 16. fxg5 Ng8 17. Qf3 f6 18. gxf6 Ngxf6 19. a4 Rdg8 20. Ba3 Qc7 21. b4 Nxg4 22. Nxg4 h5 23. Qh3 hxg4 24. Qg3 Rh3 25. Qxc7+ Kxc7 26. Bc1 Rgh8 27. Rf2 g3 28. hxg3 Rxg3+ 29. Rg2 Rgh3 30. Kf2 Rf8+ 31. Ke2 Rh1 32. Bb2 Rh4 33. Rc1 Rh3 34. Rcg1 Rff3 35. Bc1 e5 36. Rf2 Rxf2+ 37. Kxf2 exd4 38. Kg2 Rh5 39. Kg3 Rh8 40. exd4 Rg8+ 41. Kf2 Rxg1 42. Kxg1 Nb6 43. a5 Na4 44. Bf4+ Kc8 45. Kf2 Nc3 46. Bd2 Nb5 47. Ke3 b6 48. axb6 axb6 49. Be1 Kb7 50. Bh4 Ka6 51. Bf6 Nc3 52. Kd2 Na2 53. Kc2 Kb5 54. Be7 Nxb4+ 55. Kc3 Na6 56. Bf8 Nc7 57. Ba3 Ka4 58. Bb2 Nb5+ 59. Kc2 Kb4 60. Ba1 Ka3 61. Kb1 Kb3 62. Kc1 Nc3 63. Kd2 Na4 0-1

[Event "Corr"]
[Site "?"]
[Date "2001.11.01"]
[Round "?"]
[White "Rotova Mrs.Merike (EST)"]
[Black "Toth Peter"]
[Result "0-1"]
[WhiteElo "2067"]
[BlackElo "2397"]
[PlyCount "86"]
[EventDate "2001.??.??"]
[Source "www.chesslib.no"]
[SourceDate "2004.05.04"]

1. d4 d5 2. e3 Nf6 3. Bd3 c5 4. c3 Nc6 5. f4 Bg4 6. Nf3 e6 7. O-O Bd6 8. Qe1 Qc7 9. Ne5 Bf5 10. Bxf5 exf5 11. c4 cxd4 12. Nxc6 Qxc6 13. exd4+ Ne4 14. cxd5 Qxd5 15. Qd1 O-O 16. Nc3 Qc6 17. Qd3 Rac8 18. Be3 Nxc3 19. Rac1 Qb5 20. Rxc3 Qxb2 21. Rb3 Qxa2 22. Rxb7 Rc2 23. Bf2 Bxf4 24. Rxa7 Qxa7 25. Qxc2 Qd7 26. Qb3 Bc7 27. Rd1 Rb8 28. Qc3 Rc8 29. Qf3 Bb8 30. Bg3 Ba7 31. Bf2 Bb6 32. d5 Ba5 33. Bg3 h6 34. Be5 Kh8 35. Qe3 f6 36. Bxf6 gxf6 37. Qxh6+ Kg8 38. Qg6+ Qg7 39. Qxf5 Rd8 40. d6 Bc3 41. d7 Be5 42. Kh1 Kf7 43. Qg4 Qxg4 0-1

[Event "Jakarta Interzonal women"]
[Site "Jakarta INA"]
[Date "1993.??.??"]
[Round "?"]
[White "Semenova, Lidia K"]
[Black "Thipsay, Bagyashree Sathe"]
[Result "1-0"]
[WhiteElo "2285"]
[BlackElo "2175"]
[PlyCount "91"]
[EventDate "1993.07.??"]
[Source "www.chesslib.no"]
[SourceDate "2004.05.04"]

1. d4 d5 2. e3 Nf6 3. Bd3 c5 4. b3 cxd4 5. exd4 Nc6 6. c3 Bg4 7. f3 Bh5 8. Ne2 Bg6 9. Bg5 e6 10. O-O Bd6 11. Kh1 Qc7 12. Bxf6 gxf6 13. b4 Qe7 14. a3 Rc8 15. Ra2 Bb8 16. f4 Qd6 17. Rd2 Ne7 18. Ng1 h5 19. Qe2 Kf8 20. g3 Bxd3 21. Rxd3 Nf5 22. Qf3 Ke7 23. Kg2 Qa6 24. Rfd1 Rcg8 25. Kh1 Nd6 26. Ne2 Ne4 27. h4 Rg4 28. Re3 f5 29. Rxe4 fxe4 30. Qf2 Rhg8 31. Kh2 Bd6 32. Kh3 f5 33. Qe3 Kd7 34. Rd2 Be7 35. Qf2 Qb6 36. a4 a5 37. b5 Qd8 38. c4 dxc4 39. d5 Qc7 40. dxe6+ Kxe6 41. Qe3 Bc5 42. Qc3 Qe7 43. Qe5+ Kf7 44. Qxf5+ Ke8 45. Qxh5+ Kf8 46. Rd5 1-0

[Event "Corr"]
[Site "?"]
[Date "1998.04.08"]
[Round "?"]
[White "Vodep Otto"]
[Black "Novak Josef (CZE)"]
[Result "0-1"]
[WhiteElo "2325"]
[BlackElo "2133"]
[PlyCount "58"]
[EventDate "1998.??.??"]
[Source "www.chesslib.no"]
[SourceDate "2004.05.04"]

1. d4 d5 2. e3 Nf6 3. Bd3 Nc6 4. f4 a6 5. Nd2 Bg4 6. Ngf3 Nb4 7. h3 Bc8 8. a3 Nxd3+ 9. cxd3 e6 10. O-O b6 11. Ne5 Bb7 12. Qf3 Bd6 13. b4 O-O 14. Nb3 Qe8 15. Rb1 Rd8 16. g4 h6 17. g5 hxg5 18. fxg5 Nd7 19. Bb2 f6 20. Nxd7 Rxd7 21. Qg4 fxg5 22. Rxf8+ Bxf8 23. Nd2 Rf7 24. Nf3 Rf6 25. Nxg5 Be7 26. h4 Rg6 27. Kh1 Rh6 28. Rg1 Qg6 29. Nf3 Qh7 0-1

[Event "EUCup 6th (Women)"]
[Site "Belgrade"]
[Date "2001.09.18"]
[Round "3"]
[White "Benderac, Ana"]
[Black "Savic, Marijana"]
[Result "1-0"]
[WhiteElo "2276"]
[BlackElo "2180"]
[PlyCount "81"]
[EventDate "2001.09.16"]
[Source "ChessBase"]
[SourceDate "2001.10.26"]

1. d4 d5 2. e3 Nf6 3. Bd3 c5 4. c3 cxd4 5. exd4 Nc6 6. Bg5 Bg4 7. Ne2 e6 8. Qb3 Rb8 9. Ng3 g6 10. h3 Bf5 11. Bxf5 gxf5 12. Nh5 Be7 13. Nxf6+ Bxf6 14. Bf4 Rc8 15. Qxb7 O-O 16. Nd2 Bg5 17. Bxg5 Qxg5 18. Nf3 Qf4 19. Qa6 Kh8 20. Qe2 Rg8 21. g3 Qc7 22. Ne5 Na5 23. Rc1 f4 24. gxf4 f6 25. Nd3 Nc4 26. b3 Nd6 27. Nc5 Rce8 28. Kd2 e5 29. fxe5 fxe5 30. Rhg1 Rxg1 31. Rxg1 exd4 32. Qf3 Qd8 33. Qd3 Qf6 34. Qxd4 Qxd4+ 35. cxd4 Rf8 36. Nd3 Rf3 37. h4 Ne4+ 38. Ke2 Rf6 39. Ke3 Nc3 40. a4 Rb6 41. Nc5 1-0